000 02113nam a22002777a 4500
005 20260401094212.0
008 260401b |||||||| |||| 00| 0 eng d
020 _a9789354661242
040 _cAL
041 _aEnglish
082 _a621.3822
_bKAND
100 _aA Nagoor Kani
_9259942
245 _aDiscrete time signal processing
260 _aNew Delhi
_bCBS Publishers and Distributors Pvt Ltd
_c2024
300 _axix,648p.
_bPB
_c24x17cm.
365 _aVBI-2645
_b₹562.50
_c
_d₹750.00
_e25%
_f20-02-2026
520 _ahis book is organized into 5 chapters. The basic concepts of discrete time signals and systems and the computation of DFT and FFT are presented in first chapter. One chapter is devoted to each topic in discrete time signal processing like IIR filters, FIR filters, finite word length effects and digital signal processors. Considering the highly mathematical nature of this subject, more emphasis has been given to problem-solving methodology. Each chapter provides the foundations and practical implications with a large number of solved numerical examples for better understanding. Salient Features Clear explanation of concepts with appropriate diagrams. Additional explanations for solutions and proofs are provided in separate boxes. Different types of fonts for text, proof and solved problems for better understanding. Step-by-step presentation of proofs and solved problems. Important concepts are summarized at the end of each chapter for quick reference. MATLAB programming will be useful for laboratory and other projects. TMS320 series DSP assembly language programs will be useful for laboratory and other projects. MATLAB programs related to this book are available free on CBSiCentral App.
650 _aDiscrete Fourier Transform
_9259930
650 _aInfinite Impulse Response (IIR) Filters
_9259931
650 _aFinite Impulse Response (FIR) Filters
_9259932
650 _aFinite Word Length Effects
_9259933
650 _aDigital Signal Processors
_9259934
650 _aFor Anna University
_9259935
650 _aECE Course
_9259936
942 _2ddc
_cBK
999 _c241095
_d241095